000 01001nam a22003377a 4500
001 BR2024001967
003 BR-BrBNA
005 20240711163257.0
008 240711b bl.||||| |||| 00| 0 por d
040 _aBR-BrBNA
_bpor
041 _apor
072 _aM12 ; D50
090 _aM12 BR2024001967
110 _aSuperintendência Federal da Pesca e Aquicultura, Rio de Janeiro, RJ (Brasil). Registro de Aquicultura, Indústria e Comercialização
245 _aRegistro dos aquicultores do estado do Rio de Janeiro: relatório de atividades
260 _aRio de Janeiro, RJ (Brasil)
_c2011
300 _a33 p.
500 _a53 illus.; 2 tables
650 _aAQUICULTURA
650 _aTANQUE
650 _aALEVINO
650 _aPESCA ARTESANAL
650 _aPESCA CONTINENTAL
650 _aPEIXE ORNAMENTAL
650 _aTILÁPIA
650 _aPESCADOR
650 _aCOMUNIDADE PESQUEIRA
650 _aLEGISLAÇÃO AMBIENTAL
909 _a202407
_bFernando
942 _cBK
999 _c300495
_d300495